|
|
|
|
| LEADER |
00000nam0a2200000 4500 |
| 001 |
354204 |
| 005 |
20231102010652.0 |
| 035 |
|
|
|a (RuTPU)RU\TPU\retro\11462
|
| 035 |
|
|
|a RU\TPU\retro\11460
|
| 090 |
|
|
|a 354204
|
| 100 |
|
|
|a 20200617d1972 k y0rusy50 ca
|
| 101 |
0 |
|
|a rus
|
| 102 |
|
|
|a RU
|
| 105 |
|
|
|a a z 100zy
|
| 200 |
1 |
|
|a Расширение добычи и использования канско-ачинских углей
|e краткие тезисы докладов
|e Ч. 2
|f Красноярскуголь ; Академия наук СССР, Сибирское отделение, Институт экономики и организации промышленного производства, Центр научно-технической информации ; под ред. И. С. Деринга ; под ред. М. Н. Ларионова ; под ред. М. Г. Турубинера
|
| 210 |
|
|
|a Красноярск
|c [Б. и.]
|d 1972
|
| 215 |
|
|
|a 247 с.
|
| 606 |
1 |
|
|a Угледобыча
|x Интенсификация
|x Системные методы исследования
|2 stltpush
|3 (RuTPU)RU\TPU\subj\62336
|9 79416
|
| 610 |
1 |
|
|a тезисы докладов
|
| 610 |
1 |
|
|a материалы конференций
|
| 610 |
1 |
|
|a горное дело
|
| 610 |
1 |
|
|a угольная промышленность
|
| 610 |
1 |
|
|a Канско-Ачинский угольный бассейн
|
| 610 |
1 |
|
|a канско-ачинские угли
|
| 610 |
1 |
|
|a бурые угли
|
| 610 |
1 |
|
|a энергетическая эффективность
|
| 610 |
1 |
|
|a пиролиз
|
| 610 |
1 |
|
|a термическое разложение
|
| 610 |
1 |
|
|a гидрокрекинг
|
| 610 |
1 |
|
|a термическая переработка
|
| 610 |
1 |
|
|a энергохимические производства
|
| 610 |
1 |
|
|a коксохимическая промышленность
|
| 675 |
|
|
|a 622.333.013(063)
|v 4
|
| 702 |
|
1 |
|a Деринг
|b И. С.
|4 340
|
| 702 |
|
1 |
|a Ларионов
|b М. Н.
|4 340
|
| 702 |
|
1 |
|a Турубинер
|b М. Г.
|4 340
|
| 712 |
0 |
2 |
|a Красноярскуголь
|c комбинат
|c (1961-1975 гг.)
|2 stltpush
|3 (RuTPU)RU\TPU\col\27681
|
| 712 |
0 |
2 |
|a Академия наук СССР
|b Сибирское отделение
|b Институт экономики и организации промышленного производства
|b Центр научно-технической информации
|c (Новосибирск)
|2 stltpush
|3 (RuTPU)RU\TPU\col\12174
|
| 712 |
1 |
2 |
|a Расширение добычи и использования канско-ачинских углей
|c конференция
|e Красноярск
|f 1972
|
| 801 |
|
1 |
|a RU
|b 63413507
|c 20200617
|
| 801 |
|
2 |
|a RU
|b 63413507
|c 20201223
|g RCR
|
| 942 |
|
|
|c BK
|